[Event "XXX Open Anniversario"]
[Site "Provaglio d'Iseo ITA"]
[Date "2013.11.08"]
[Round "1"]
[White "Cristiani, Cesare"]
[Black "Cattaneo, Ugo"]
[Result "1/2-1/2"]
[WhiteElo "2117"]
[BlackElo "1837"]
[PlyCount "86"]
[EventDate "2013.11.08"]

1. d4 d5 2. c4 e6 3. Nf3 Nf6 4. Nc3 Nbd7 5. e3 Be7 6. Bd3 dxc4 7. Bxc4 O-O 8.
O-O b6 9. Re1 Bb7 10. e4 h6 11. Bf4 Bb4 12. Bd3 c5 13. Bd6 Re8 14. e5 Nd5 15.
Nxd5 Bxd5 16. Rf1 Ba5 17. Qe2 cxd4 18. b4 Bxb4 19. Bxb4 Bxf3 20. Qxf3 Nxe5 21.
Qe4 Nxd3 22. Qxd3 e5 23. Rfe1 Rc8 24. Bd2 Qd5 25. f3 Qc4 26. Qxc4 Rxc4 27. Rec1
b5 28. Kf1 f5 29. a4 a6 30. axb5 axb5 31. Rab1 Rec8 32. Ke2 e4 33. Kd1 e3 34.
Rxb5 e2+ 35. Kxe2 Rxc1 36. Bxc1 Rxc1 37. Rxf5 Rc2+ 38. Kd3 Rxg2 39. h4 g5 40.
hxg5 Rxg5 41. Rxg5+ hxg5 42. Kxd4 Kg7 43. Ke5 Kg6 1/2-1/2

[Event "XXX Open Anniversario"]
[Site "Provaglio d'Iseo ITA"]
[Date "2013.11.08"]
[Round "1"]
[White "Brugaletta, Giorgio"]
[Black "Barucco, Mattia"]
[Result "0-1"]
[WhiteElo "1734"]
[BlackElo "1987"]
[PlyCount "110"]
[EventDate "2013.11.08"]

1. e4 e6 2. d4 d5 3. exd5 exd5 4. Nf3 Bd6 5. Be2 Ne7 6. O-O Nbc6 7. c3 Bf5 8.
Bg5 f6 9. Be3 Qd7 10. Na3 h5 11. Nh4 Bg4 12. Nb5 Bxe2 13. Nxd6+ Qxd6 14. Qxe2
O-O-O 15. b4 g5 16. b5 gxh4 17. bxc6 Nxc6 18. Rab1 Rdg8 19. f4 Qe6 20. f5 Qe4
21. Qf3 Rg4 22. Qxe4 Rxe4 23. Rbe1 Rg8 24. Bf4 h3 25. g3 Rge8 26. Rxe4 Rxe4 27.
Bh6 Kd7 28. Kf2 Ne7 29. Re1 Rxe1 30. Kxe1 Nxf5 31. Bf4 Nd6 32. Ke2 c6 33. Kf3
Ne4 34. c4 f5 35. cxd5 cxd5 36. Bb8 Nf6 37. Kf4 Ng4 38. Kg5 Nxh2 39. Kh4 Nf3+
40. Kxh3 a6 41. Ba7 b5 42. Kg2 Ng5 43. Kf2 Kc6 44. Ke3 Ne6 45. Bb8 b4 46. Kd3
a5 47. Be5 Kb5 48. Bf6 f4 49. gxf4 Nxf4+ 50. Ke3 Ne6 51. Kd3 a4 52. Be7 b3 53.
axb3 axb3 54. Kc3 Ka4 55. Bd6 Nxd4 0-1

[Event "XXX Open Anniversario"]
[Site "Provaglio d'Iseo ITA"]
[Date "2013.11.08"]
[Round "1"]
[White "Dieli, Alberto"]
[Black "Conti, Ferdinando"]
[Result "1/2-1/2"]
[WhiteElo "1958"]
[BlackElo "1718"]
[PlyCount "128"]
[EventDate "2013.11.08"]

1. d4 Nf6 2. c4 c5 3. d5 e6 4. Nc3 exd5 5. cxd5 d6 6. e4 g6 7. Bg5 Bg7 8. Nf3
O-O 9. Bd3 h6 10. Bh4 g5 11. Bg3 Nh5 12. Qc2 a6 13. O-O b5 14. Rac1 Nxg3 15.
fxg3 c4 16. Be2 Qb6+ 17. Kh1 Nd7 18. h3 Nc5 19. Nh2 Bd7 20. Ng4 Bxg4 21. Bxg4
Ra7 22. Bf5 Rc7 23. Qf2 Qb8 24. Rb1 Nd3 25. Qf3 b4 26. Nd1 Ne5 27. Qe3 a5 28.
g4 Qd8 29. Qb6 Rc5 30. Qa6 Qc7 31. Ne3 Rb8 32. Rfc1 Nd3 33. Rxc4 Rb6 34. Qa8+
Rb8 35. Qa6 Nxb2 36. Rxc5 dxc5 37. d6 Qb6 38. Qxb6 Rxb6 39. d7 Rd6 40. Nd5 Kf8
41. Rc1 c4 42. Rc2 c3 43. Kg1 Nd3 44. Kf1 a4 45. g3 Nc5 46. Nxb4 Nxd7 47. Ke2
Be5 48. Nd5 Nf6 49. Ne3 Rc6 50. Nd5 Nxd5 51. exd5 Rb6 52. Kd3 Rb2 53. Kc4 a3
54. d6 Ke8 55. Kd5 Rxc2 56. Bxc2 Bxg3 57. Bf5 Kd8 58. Bc2 Bf4 59. Bb3 Bg3 60.
Kc6 Bf4 61. Kc5 Be5 62. Kd5 Bf4 63. Ba4 Bg3 64. Bb3 Kd7 1/2-1/2

[Event "XXX Open Anniversario"]
[Site "Provaglio d'Iseo ITA"]
[Date "2013.11.08"]
[Round "1"]
[White "Vagliati, Massimo"]
[Black "Massetti, Euro"]
[Result "0-1"]
[WhiteElo "1701"]
[BlackElo "1925"]
[PlyCount "48"]
[EventDate "2013.11.08"]

1. d4 Nf6 2. c4 e5 3. d5 Bc5 4. Nc3 d6 5. Na4 Bxf2+ 6. Kxf2 Ne4+ 7. Kf3 f5 8.
Qe1 O-O 9. h4 Qe8 10. Nc3 Qh5+ 11. Ke3 f4+ 12. Kd3 Ng3 13. Rh2 Na6 14. Kc2 Qf5+
15. Kb3 Nc5+ 16. Ka3 Qc2 17. Qd2 Qf5 18. Nf3 Nxf1 19. Qe1 Nxh2 20. Nxh2 Ne4 21.
Nf3 Nxc3 22. Qxc3 Qg6 23. Bd2 Qxg2 24. Rg1 Qxe2 0-1

[Event "XXX Open Anniversario"]
[Site "Provaglio d'Iseo ITA"]
[Date "2013.11.08"]
[Round "1"]
[White "Ghidinelli, Giorgio"]
[Black "Caceffo, Daniele"]
[Result "1-0"]
[WhiteElo "1891"]
[BlackElo "1518"]
[PlyCount "167"]
[EventDate "2013.11.08"]

1. e4 e5 2. Nf3 Nc6 3. Bb5 a6 4. Ba4 Nf6 5. O-O Be7 6. Re1 O-O 7. c3 b5 8. Bc2
d6 9. h3 Re8 10. d4 Bf8 11. d5 Nb8 12. Bg5 Nbd7 13. Nh2 h6 14. Bh4 Nb6 15. Ng4
Bxg4 16. hxg4 g5 17. Bg3 Qd7 18. f3 c5 19. dxc6 Qxc6 20. Nd2 Nc4 21. Nxc4 Qxc4
22. Bb3 Qc6 23. Bf2 a5 24. a4 Red8 25. axb5 Qxb5 26. c4 Qb4 27. Ra4 Qb7 28. Re2
h5 29. gxh5 Nxh5 30. Ba2 Nf4 31. Rd2 Be7 32. g3 Nh3+ 33. Kg2 Nxf2 34. Rxf2 Kg7
35. Rd2 Rh8 36. c5 dxc5 37. Bd5 Qd7 38. Bxa8 Qh3+ 39. Kf2 Rxa8 40. Qg1 Qh6 41.
g4 Qc6 42. Rc4 Qb5 43. Qc1 Rh8 44. Ke3 Rh3 45. Qc3 Kg6 46. b3 Qb6 47. Qxe5
Qxb3+ 48. Rc3 Qb4 49. Rdc2 Bf6 50. Qf5+ Kg7 51. Qxc5 Bxc3 52. Qxc3+ Qxc3+ 53.
Rxc3 Rh6 54. Rc5 Ra6 55. Rxg5+ Kh6 56. Rh5+ Kg6 57. Kf4 a4 58. Rh2 f6 59. Ra2
Ra5 60. Ra3 Kh6 61. Kg3 Kg6 62. f4 Kh6 63. Kf3 Kg7 64. Ke3 Kf7 65. Kd4 Ke6 66.
Kc4 Kd6 67. Kb4 Ra8 68. Rxa4 Rb8+ 69. Kc4 Rg8 70. Ra6+ Ke7 71. Kd5 Rxg4 72.
Ra7+ Kf8 73. f5 Rh4 74. Ke6 Rxe4+ 75. Kxf6 Ke8 76. Ra8+ Kd7 77. Kf7 Rf4 78. f6
Kd6 79. Re8 Rg4 80. Re3 Kd7 81. Rd3+ Kc6 82. Kf8 Kc7 83. f7 Kc8 84. Rd5 1-0

[Event "XXX Open Anniversario"]
[Site "Provaglio d'Iseo ITA"]
[Date "2013.11.08"]
[Round "1"]
[White "Bresciani, Luca"]
[Black "Schaberg, Wolfgang"]
[Result "0-1"]
[WhiteElo "1440"]
[BlackElo "1866"]
[PlyCount "40"]
[EventDate "2013.11.08"]

1. e4 d6 2. d4 Nf6 3. Nc3 g6 4. h3 Bg7 5. Be3 O-O 6. Qd2 c6 7. O-O-O b5 8. e5
b4 9. exf6 bxc3 10. Qxc3 Bxf6 11. f4 a5 12. Nf3 Qc7 13. g4 c5 14. g5 Bg7 15.
Bf2 Nc6 16. a3 Rb8 17. Qe3 cxd4 18. Qd3 Bf5 19. Qd2 Rxb2 20. Bd3 Rfb8 0-1

[Event "XXX Open Anniversario"]
[Site "Provaglio d'Iseo ITA"]
[Date "2013.11.15"]
[Round "2"]
[White "Barucco, Mattia"]
[Black "Ghidinelli, Giorgio"]
[Result "1/2-1/2"]
[WhiteElo "1987"]
[BlackElo "1891"]
[PlyCount "51"]
[EventDate "2013.11.08"]

1. e4 e5 2. Nf3 Nc6 3. Bc4 Bc5 4. c3 Nf6 5. d3 d6 6. Bb3 h6 7. h3 O-O 8. Nbd2
Qe7 9. Qe2 Be6 10. Bc2 Nh7 11. g4 Rfe8 12. Nf1 d5 13. Ng3 dxe4 14. dxe4 Qd7 15.
O-O Rad8 16. Kg2 a6 17. Nh4 g5 18. Nhf5 Bf8 19. Be3 Ne7 20. Rh1 Ng6 21. Rhd1
Qc8 22. Kh2 Nf6 23. Qf3 Nf4 24. a3 Rxd1 25. Rxd1 Rd8 26. Bc1 1/2-1/2

[Event "XXX Open Anniversario"]
[Site "Provaglio d'Iseo ITA"]
[Date "2013.11.15"]
[Round "2"]
[White "Massetti, Euro"]
[Black "Schaberg, Wolfgang"]
[Result "1/2-1/2"]
[WhiteElo "1925"]
[BlackElo "1866"]
[PlyCount "76"]
[EventDate "2013.11.08"]

1. d4 d5 2. c4 c6 3. Nc3 Nf6 4. Nf3 Nbd7 5. h3 e6 6. a3 Bd6 7. c5 Bc7 8. e3 e5
9. Be2 O-O 10. O-O e4 11. Nh2 Ne8 12. f3 f5 13. fxe4 fxe4 14. Bg4 Nef6 15. Bd2
Nxg4 16. Nxg4 Nf6 17. Nxf6+ Rxf6 18. Qh5 Rg6 19. Ne2 Qg5 20. Qxg5 Rxg5 21. Kh1
Rf5 22. g4 Rxf1+ 23. Rxf1 Bd7 24. Kg2 Rf8 25. Rxf8+ Kxf8 26. Be1 Kf7 27. Bg3
Bd8 28. Bb8 a6 29. Kg3 g5 30. Nc1 Bc8 31. Nb3 Kg6 32. Na1 Kf7 33. Nc2 Ke6 34.
b4 Kf7 35. Ne1 Bd7 36. Ng2 Kg6 37. h4 h6 38. Bd6 Kf7 1/2-1/2

[Event "XXX Open Anniversario"]
[Site "Provaglio d'Iseo ITA"]
[Date "2013.11.15"]
[Round "2"]
[White "Cattaneo, Ugo"]
[Black "Dieli, Alberto"]
[Result "0-1"]
[WhiteElo "1837"]
[BlackElo "1958"]
[PlyCount "54"]
[EventDate "2013.11.08"]

1. e4 e5 2. Nf3 Nc6 3. Bc4 Bc5 4. c3 Nf6 5. d4 exd4 6. cxd4 Bb4+ 7. Nc3 Bxc3+
8. bxc3 Na5 9. Bd3 h6 10. O-O d6 11. e5 dxe5 12. Nxe5 O-O 13. c4 Nc6 14. Nxc6
bxc6 15. Bc2 Rb8 16. Qd3 Bg4 17. Be3 Bh5 18. Qa3 Be2 19. Rfc1 Re8 20. Qc5 Ng4
21. Bf4 Nxf2 22. Kxf2 Qf6 23. Kg3 g5 24. Bd2 Rb2 25. Bxg5 hxg5 26. Qf5 Qd6+ 27.
Kf2 Qxd4+ 0-1

[Event "XXX Open Anniversario"]
[Site "Provaglio d'Iseo ITA"]
[Date "2013.11.15"]
[Round "2"]
[White "Conti, Ferdinando"]
[Black "Cristiani, Cesare"]
[Result "0-1"]
[WhiteElo "1718"]
[BlackElo "2117"]
[PlyCount "112"]
[EventDate "2013.11.08"]

1. Nf3 Nf6 2. b4 g6 3. Bb2 Bg7 4. e3 d6 5. Be2 e5 6. d3 O-O 7. O-O Nc6 8. b5
Ne7 9. c4 h6 10. Qc2 Be6 11. Nc3 g5 12. Nd2 Ng6 13. Nce4 Nxe4 14. Nxe4 f5 15.
Nd2 g4 16. f3 h5 17. d4 Qg5 18. Qd3 Bh6 19. d5 Qxe3+ 20. Qxe3 Bxe3+ 21. Kh1 Bd7
22. Nb3 b6 23. Bc1 Bxc1 24. Raxc1 Rf7 25. Rc2 Raf8 26. g3 Kg7 27. Bd1 f4 28.
fxg4 hxg4 29. Rcf2 Bf5 30. Bc2 Bxc2 31. Rxc2 Kh6 32. Rcf2 Kg5 33. Nd2 Kf5 34.
Re1 Kg5 35. Ne4+ Kh5 36. Ref1 f3 37. a4 Ne7 38. Re1 Nf5 39. Kg1 Nd4 40. Kh1 Kg6
41. Re3 Ra8 42. Kg1 a6 43. Nc3 axb5 44. cxb5 Nb3 45. Kf1 Nc5 46. Ra2 Re7 47.
Kf2 e4 48. Kg1 Kf5 49. Kf2 Ree8 50. Kg1 Ra5 51. Kf2 Rea8 52. Rc2 Rh8 53. Kg1
Rh7 54. Ra2 Ke5 55. Ra3 Kd4 56. Re1 f2+ 0-1

[Event "XXX Open Anniversario"]
[Site "Provaglio d'Iseo ITA"]
[Date "2013.11.15"]
[Round "2"]
[White "Bresciani, Luca"]
[Black "Vagliati, Massimo"]
[Result "0-1"]
[WhiteElo "1440"]
[BlackElo "1701"]
[PlyCount "66"]
[EventDate "2013.11.08"]

1. b3 d5 2. Bb2 c5 3. e3 Nc6 4. Nf3 e6 5. d4 Nf6 6. Bd3 a6 7. Nbd2 b5 8. Ne5
Nxe5 9. dxe5 Nd7 10. O-O Qc7 11. f4 c4 12. Rc1 c3 13. Bxc3 Qxc3 14. Nb1 Qa5 15.
c3 Bb7 16. Qe2 Be7 17. f5 Nxe5 18. fxe6 Nxd3 19. exf7+ Kf8 20. Qxd3 Bf6 21. Qe2
Qc7 22. Rxf6 gxf6 23. Qh5 Qxf7 24. Qh6+ Qg7 25. Qh4 Qg5 26. Qb4+ Kf7 27. Qd6
Qxe3+ 28. Kf1 Qxc1+ 29. Kf2 Qc2+ 30. Ke3 Rae8+ 31. Kf3 Qe2+ 32. Kg3 Rhg8+ 33.
Kh4 Qg4# 0-1

[Event "XXX Open Anniversario"]
[Site "Provaglio d'Iseo ITA"]
[Date "2013.11.15"]
[Round "2"]
[White "Caceffo, Daniele"]
[Black "Brugaletta, Giorgio"]
[Result "1-0"]
[WhiteElo "1518"]
[BlackElo "1734"]
[PlyCount "139"]
[EventDate "2013.11.08"]

1. e4 c5 2. Nf3 Nc6 3. d4 cxd4 4. Nxd4 e5 5. Nb3 Nf6 6. Bd3 Be7 7. O-O O-O 8.
Nc3 a6 9. Be3 b5 10. f3 Bb7 11. Qd2 Nb4 12. a3 Nxd3 13. cxd3 d5 14. Bc5 dxe4
15. Bxe7 Qxe7 16. dxe4 Rad8 17. Qe2 Rd7 18. Rfd1 Rfd8 19. g4 h5 20. h3 hxg4 21.
hxg4 Nh7 22. Rxd7 Rxd7 23. Rd1 Rxd1+ 24. Qxd1 Ng5 25. Kg2 Qc7 26. Nc5 Ne6 27.
Nxe6 fxe6 28. Qd2 Bc6 29. Nd1 a5 30. Ne3 Bb7 31. g5 Ba6 32. Ng4 b4 33. axb4
axb4 34. Qxb4 Qc2+ 35. Kg3 Qc1 36. Qb8+ Kh7 37. Qxe5 Qg1+ 38. Kh4 Qh1+ 39. Qh2
Qxf3 40. g6+ Kg8 41. Kg5 Be2 42. Qf4 Qxf4+ 43. Kxf4 Kf8 44. e5 Ke7 45. Ne3 Kd7
46. Ng2 Kc6 47. Ke3 Bd1 48. Kd4 Bf3 49. Nf4 Bg4 50. Kc4 Kb6 51. b4 Bf5 52. Nh5
Bxg6 53. Nxg7 Bf7 54. b5 Bg8 55. Ne8 Bf7 56. Nd6 Bg6 57. Kb4 Bd3 58. Nc4+ Kc7
59. Kc5 Be4 60. b6+ Kb8 61. Na5 Bd5 62. Nc6+ Kb7 63. Nd8+ Kc8 64. Nc6 Kb7 65.
Na5+ Kb8 66. Kd6 Ba2 67. b7 Bd5 68. Kd7 Ba2 69. Kc6 Bd5+ 70. Kb6 1-0

[Event "XXX Open Anniversario"]
[Site "Provaglio d'Iseo ITA"]
[Date "2013.11.22"]
[Round "3"]
[White "Cristiani, Cesare"]
[Black "Massetti, Euro"]
[Result "1-0"]
[WhiteElo "2117"]
[BlackElo "1925"]
[PlyCount "83"]
[EventDate "2013.11.08"]

1. d4 d5 2. Bf4 Nf6 3. e3 Bf5 4. Nf3 e6 5. Nbd2 Bd6 6. Ne5 O-O 7. Be2 h6 8. O-O
Bxe5 9. Bxe5 Nbd7 10. Bg3 c5 11. Bd6 Re8 12. dxc5 Rc8 13. b4 e5 14. c3 e4 15.
Nb3 Ne5 16. Nd4 Bd7 17. a4 a6 18. Nb3 Nc6 19. b5 Na5 20. Nd4 Nc4 21. Bxc4 dxc4
22. Qe2 Bg4 23. f3 exf3 24. gxf3 Bh3 25. Rfe1 Nd5 26. Qd2 Qg5+ 27. Kh1 Rxe3 28.
Rg1 Rd3 29. Rxg5 Rxd2 30. Rxd5 Bg2+ 31. Kg1 Bxf3 32. Rf5 Rg2+ 33. Kf1 Be4 34.
Rf4 Rxh2 35. Re1 Bd3+ 36. Kg1 Ra2 37. c6 bxc6 38. Nxc6 Kh7 39. Nb4 Rb2 40. b6
Rd8 41. Bc7 Be4 42. Bxd8 1-0

[Event "XXX Open Anniversario"]
[Site "Provaglio d'Iseo ITA"]
[Date "2013.11.22"]
[Round "3"]
[White "Schaberg, Wolfgang"]
[Black "Barucco, Mattia"]
[Result "1/2-1/2"]
[WhiteElo "1866"]
[BlackElo "1987"]
[PlyCount "93"]
[EventDate "2013.11.08"]

1. e4 e6 2. d4 d5 3. Nd2 Be7 4. Ngf3 Nf6 5. e5 Nfd7 6. Bd3 c5 7. c3 b6 8. O-O
Ba6 9. Bxa6 Nxa6 10. Re1 Nc7 11. Nf1 b5 12. dxc5 Nxc5 13. Ng3 O-O 14. Nd4 Qd7
15. Nh5 f5 16. Re3 Rf7 17. Rh3 g6 18. Ng3 a5 19. Bh6 b4 20. Qd2 bxc3 21. bxc3
Qa4 22. Rb1 Qc4 23. Nc6 Bf8 24. Bxf8 Kxf8 25. Qd4 h5 26. Qxc4 dxc4 27. Rh4 f4
28. Ne2 Nd3 29. Ned4 Ke8 30. Rb7 Nd5 31. Rxf7 Kxf7 32. Nb5 Ra6 33. Ncd4 Nxe5
34. g3 fxg3 35. hxg3 Ng4 36. Kg2 e5 37. Nf3 Kf6 38. Rh1 e4 39. Nfd4 e3 40. fxe3
Ndxe3+ 41. Kf3 Kg5 42. Ke2 Rf6 43. Nf3+ Kh6 44. Rb1 Re6 45. Nbd4 Re8 46. Kd2
Ra8 47. a4 1/2-1/2

[Event "XXX Open Anniversario"]
[Site "Provaglio d'Iseo ITA"]
[Date "2013.11.22"]
[Round "3"]
[White "Dieli, Alberto"]
[Black "Ghidinelli, Giorgio"]
[Result "1/2-1/2"]
[WhiteElo "1958"]
[BlackElo "1891"]
[PlyCount "110"]
[EventDate "2013.11.08"]

1. e4 e5 2. Nf3 Nc6 3. d4 exd4 4. Bc4 d6 5. Nxd4 Be7 6. Nc3 Ne5 7. Bb3 Nf6 8.
O-O c5 9. Nde2 a6 10. Bd5 Rb8 11. a4 Nc6 12. Bxc6+ bxc6 13. Ng3 O-O 14. Qe2 Re8
15. b3 h6 16. Bf4 g5 17. Bd2 Bf8 18. Rae1 Bg7 19. Nh5 Nxh5 20. Qxh5 Qf6 21. e5
dxe5 22. Ne4 Qg6 23. Qxg6 fxg6 24. Nxc5 Bf8 25. Ne4 Kf7 26. Bc3 Bf5 27. Re3
Rbd8 28. Rfe1 Rd5 29. h3 Bc5 30. Nxc5 Rxc5 31. R1e2 h5 32. Rd2 Rd5 33. Rde2
Rd1+ 34. Kh2 Rc1 35. Bb2 Rxc2 36. Rxc2 Bxc2 37. Rc3 Be4 38. b4 Bd5 39. Rc5 Ke6
40. Ra5 Ra8 41. f3 Kf5 42. Bc1 g4 43. hxg4+ hxg4 44. Kg3 gxf3 45. gxf3 g5 46.
Rc5 Rb8 47. Bd2 e4 48. fxe4+ Kxe4 49. Kg4 Kd3 50. Bc3 Bc4 51. Be1 Re8 52. Bg3
Kc3 53. Bd6 Kb3 54. Rxc6 Re4+ 55. Kxg5 Kxa4 1/2-1/2

[Event "XXX Open Anniversario"]
[Site "Provaglio d'Iseo ITA"]
[Date "2013.11.22"]
[Round "3"]
[White "Conti, Ferdinando"]
[Black "Cattaneo, Ugo"]
[Result "1-0"]
[WhiteElo "1718"]
[BlackElo "1837"]
[PlyCount "55"]
[EventDate "2013.11.08"]

1. Nf3 Nf6 2. b4 d5 3. Bb2 e6 4. b5 Nbd7 5. e3 Be7 6. Be2 Ne4 7. O-O Bf6 8. d4
O-O 9. c4 c6 10. a4 Nb6 11. Qc2 Bd7 12. a5 Nc8 13. cxd5 cxd5 14. Nc3 Nxc3 15.
Bxc3 Nd6 16. Rfb1 Rc8 17. Qb2 Ne4 18. Bb4 Re8 19. Rc1 Rxc1+ 20. Rxc1 Qb8 21.
Bd3 Nd6 22. Ba3 Be7 23. Ne5 Qd8 24. b6 axb6 25. axb6 f6 26. Nxd7 Nc4 27. Bxc4
Bxa3 28. Qxa3 1-0

[Event "XXX Open Anniversario"]
[Site "Provaglio d'Iseo ITA"]
[Date "2013.11.22"]
[Round "3"]
[White "Vagliati, Massimo"]
[Black "Caceffo, Daniele"]
[Result "1/2-1/2"]
[WhiteElo "1701"]
[BlackElo "1518"]
[PlyCount "94"]
[EventDate "2013.11.08"]

1. d4 Nf6 2. c4 g6 3. Nc3 Bg7 4. e4 d6 5. f3 O-O 6. Be3 e5 7. d5 Ne8 8. g4 f5
9. gxf5 gxf5 10. Qd2 fxe4 11. fxe4 Bg4 12. Be2 Nf6 13. O-O-O Nbd7 14. Bg5 Qe8
15. Bxg4 Nxg4 16. Nge2 Nf2 17. Ng3 Nxh1 18. Rxh1 Qg6 19. Nf5 Rxf5 20. exf5 Qxf5
21. Rg1 Qg6 22. Qe3 Kh8 23. Ne4 Qf7 24. b4 Nb6 25. Qd3 h6 26. Be3 Rf8 27. Ng3
Re8 28. Rf1 Qe7 29. Qe4 Rf8 30. Rxf8+ Qxf8 31. Nf5 Qf6 32. c5 Nxd5 33. Nxg7
Nxe3 34. Qxe3 Qxg7 35. cxd6 cxd6 36. Qxa7 Qg5+ 37. Kb2 Qd2+ 38. Ka3 Qc1+ 39.
Kb3 Qc7 40. Qa8+ Kg7 41. Qe8 Qf7+ 42. Qxf7+ Kxf7 43. a4 Ke6 44. a5 Kd7 45. Kc4
Kc6 46. b5+ Kc7 47. Kd5 b6 1/2-1/2

[Event "XXX Open Anniversario"]
[Site "Provaglio d'Iseo ITA"]
[Date "2013.11.29"]
[Round "4"]
[White "Barucco, Mattia"]
[Black "Cristiani, Cesare"]
[Result "1/2-1/2"]
[WhiteElo "1987"]
[BlackElo "2117"]
[PlyCount "58"]
[EventDate "2013.11.08"]

1. e4 c6 2. d4 d5 3. exd5 cxd5 4. Bd3 Nc6 5. c3 Nf6 6. Bf4 e6 7. Nf3 Bd6 8.
Bxd6 Qxd6 9. O-O O-O 10. Re1 h6 11. Ne5 Nd7 12. f4 f5 13. Nxd7 Bxd7 14. Qf3 Rf6
15. Nd2 Kh8 16. Qe3 Rg8 17. Nf3 Be8 18. Ne5 Nd8 19. Kh1 Bc6 20. Rg1 g5 21. Rae1
g4 22. Qg3 Qf8 23. Qh4 h5 24. Re3 Rh6 25. Rge1 Qf6 26. Qxf6+ Rxf6 27. Kg1 Kg7
28. Kf2 h4 29. Ke2 Kf8 1/2-1/2

[Event "XXX Open Anniversario"]
[Site "Provaglio d'Iseo ITA"]
[Date "2013.11.29"]
[Round "4"]
[White "Schaberg, Wolfgang"]
[Black "Dieli, Alberto"]
[Result "1-0"]
[WhiteElo "1866"]
[BlackElo "1958"]
[PlyCount "177"]
[EventDate "2013.11.08"]

1. e4 e5 2. Nf3 Nc6 3. Bc4 Bc5 4. c3 Nf6 5. d3 h6 6. Bb3 O-O 7. O-O d6 8. h3
Ne7 9. d4 Bb6 10. Bc2 Ng6 11. Na3 c6 12. Nc4 Bc7 13. Ne3 Re8 14. d5 cxd5 15.
Nxd5 Nxd5 16. Qxd5 Qf6 17. Nh2 Nf4 18. Qd1 Be6 19. Qf3 Qh4 20. Bb3 Bb6 21. Be3
Bc7 22. Rad1 a6 23. Rd2 Bxb3 24. axb3 Re6 25. Rfd1 Rg6 26. Bxf4 exf4 27. Rd5
Re8 28. Ng4 Rge6 29. R1d4 g5 30. Rf5 Kg7 31. Rc4 R8e7 32. Nh2 b5 33. Rc6 f6 34.
Rxa6 Rxe4 35. Rxb5 h5 36. Ra7 Re1+ 37. Nf1 g4 38. Qxf4 R1e4 39. Qg3 Qxg3 40.
Nxg3 Re1+ 41. Kh2 Kg6 42. Rbb7 h4 43. Rxc7 Rxc7 44. Rxc7 hxg3+ 45. Kxg3 gxh3
46. gxh3 Re2 47. b4 Rxb2 48. Rc6 Rb3 49. f3 d5 50. Rd6 Rxc3 51. Rxd5 Kf7 52.
Rb5 Rc4 53. Rb8 Kg6 54. b5 Kf5 55. b6 Rc1 56. b7 Rg1+ 57. Kf2 Rg7 58. h4 Kf4
59. Rf8 Rxb7 60. Rxf6+ Ke5 61. Rg6 Kf4 62. Rg4+ Kf5 63. Kg3 Rh7 64. Rg5+ Kf6
65. Kg4 Ra7 66. h5 Ra1 67. Rg6+ Kf7 68. f4 Re1 69. Kf5 Rh1 70. Rf6+ Kg7 71. h6+
Kh7 72. Ke6 Re1+ 73. Kf5 Rg1 74. Ke6 Re1+ 75. Kf7 Ra1 76. f5 Re1 77. Rg6 Ra1
78. Kf6 Re1 79. Kf7 Re2 80. Re6 Rf2 81. f6 Ra2 82. Kf8 Ra8+ 83. Re8 Ra7 84.
Re7+ Kh8 85. Rg7 Ra8+ 86. Kf7 Ra7+ 87. Kg6 Ra6 88. Rb7 Ra8 89. Rh7+ 1-0

[Event "XXX Open Anniversario"]
[Site "Provaglio d'Iseo ITA"]
[Date "2013.11.29"]
[Round "4"]
[White "Ghidinelli, Giorgio"]
[Black "Vagliati, Massimo"]
[Result "1-0"]
[WhiteElo "1891"]
[BlackElo "1701"]
[PlyCount "109"]
[EventDate "2013.11.08"]

1. d4 Nf6 2. Nf3 g6 3. Bf4 Bg7 4. h3 d5 5. e3 O-O 6. Bd3 Nbd7 7. O-O c5 8. c3
c4 9. Bc2 Nb6 10. Nbd2 Bd7 11. e4 dxe4 12. Nxe4 Qc8 13. Ne5 Bf5 14. Nxf6+ Bxf6
15. Ng4 Bxg4 16. hxg4 Nd5 17. Bd2 e6 18. f4 Ne7 19. Qf3 Qc6 20. Be4 Nd5 21. g3
Rad8 22. Kg2 Bg7 23. g5 Qd7 24. Rh1 f6 25. Qe2 fxg5 26. fxg5 Rf7 27. Qxc4 Rdf8
28. Raf1 Nb6 29. Qd3 Nd5 30. Rxf7 Rxf7 31. c4 Nb6 32. Be3 Qa4 33. b3 Qxa2+ 34.
Qc2 Qxc2+ 35. Bxc2 Nc8 36. Rd1 Rd7 37. g4 b6 38. Be4 Ne7 39. Kf3 Bf8 40. Bf4
Bg7 41. Ke3 e5 42. Bg3 exd4+ 43. Kd3 Kf8 44. b4 Ke8 45. Rh1 a5 46. bxa5 bxa5
47. Rxh7 Kf8 48. Rh2 a4 49. Ra2 Ra7 50. Bd6 Ra6 51. c5 Ke8 52. Kc4 Kd7 53. Kb5
Nc6 54. Ra3 Ra5+ 55. Kb6 1-0

[Event "XXX Open Anniversario"]
[Site "Provaglio d'Iseo ITA"]
[Date "2013.11.29"]
[Round "4"]
[White "Massetti, Euro"]
[Black "Brugaletta, Giorgio"]
[Result "1-0"]
[WhiteElo "1925"]
[BlackElo "1734"]
[PlyCount "79"]
[EventDate "2013.11.08"]

1. e4 c5 2. Nf3 Nc6 3. d4 cxd4 4. Nxd4 e5 5. Nxc6 bxc6 6. Nc3 Nf6 7. Bc4 a5 8.
Qd3 Be7 9. Qg3 O-O 10. Bh6 Ne8 11. O-O-O d6 12. h4 Kh8 13. Bg5 Be6 14. Bxe6
fxe6 15. Qg4 Rxf2 16. Rdf1 Rxf1+ 17. Rxf1 Nf6 18. Qxe6 Rb8 19. h5 Ng8 20. Bxe7
Qxe7 21. Qxe7 Nxe7 22. Rf7 Re8 23. Kd2 Kg8 24. Rf3 d5 25. exd5 Nxd5 26. Nxd5
cxd5 27. Ra3 Ra8 28. Ra4 Rb8 29. Rxa5 Rxb2 30. Rxd5 Rxa2 31. Rxe5 Kf7 32. Re4
Ra5 33. g4 Kf6 34. Kd3 g6 35. hxg6 hxg6 36. c4 g5 37. Kd4 Ra1 38. Kd5 Rf1 39.
c5 Rf4 40. Rxf4+ 1-0

[Event "XXX Open Anniversario"]
[Site "Provaglio d'Iseo ITA"]
[Date "2013.11.29"]
[Round "4"]
[White "Caceffo, Daniele"]
[Black "Conti, Ferdinando"]
[Result "1-0"]
[WhiteElo "1518"]
[BlackElo "1718"]
[PlyCount "113"]
[EventDate "2013.11.08"]

1. e4 c5 2. Nf3 Nc6 3. d4 cxd4 4. Nxd4 e5 5. Nb5 d6 6. N1c3 a6 7. Na3 Nf6 8.
Bd3 b5 9. Nd5 Be7 10. Be3 Rb8 11. f3 O-O 12. O-O Kh8 13. c3 Be6 14. Nxe7 Nxe7
15. Qd2 d5 16. exd5 Nexd5 17. Rfd1 Nxe3 18. Qxe3 Qc7 19. Nc2 Nd5 20. Qe1 Rbd8
21. g3 Rd7 22. Be4 Rfd8 23. Rd2 f5 24. Bxd5 Bxd5 25. Rad1 Bxf3 26. Rxd7 Rxd7
27. Rxd7 Qxd7 28. Qxe5 h6 29. Nd4 Be4 30. Kf2 Kh7 31. a3 Qf7 32. Ke3 Qg6 33. h4
Qg4 34. Qf4 Qd1 35. Qf2 Qd3+ 36. Kf4 Kg6 37. Qe2 Qb1 38. Nb3 Bd3 39. Qf2 Qh1
40. Nc5 Bb1 41. Qe3 Qh3 42. Ke5 Qg4 43. Nxa6 Qc4 44. Kd6 Ba2 45. Qe5 Qc8 46.
Qxb5 Qe6+ 47. Kc7 Bc4 48. Qb6 Kh5 49. Qxe6 Bxe6 50. Nc5 Bd5 51. b4 Kg4 52. Kd6
Be4 53. Ke5 Bg2 54. Ne6 g5 55. hxg5 hxg5 56. a4 f4 57. gxf4 1-0

[Event "XXX Open Anniversario"]
[Site "Provaglio d'Iseo ITA"]
[Date "2013.11.29"]
[Round "4"]
[White "Cattaneo, Ugo"]
[Black "Bresciani, Luca"]
[Result "1-0"]
[WhiteElo "1837"]
[BlackElo "1440"]
[PlyCount "47"]
[EventDate "2013.11.08"]

1. e4 e5 2. Nf3 Nc6 3. Bc4 Bc5 4. b4 Bxb4 5. c3 Bc5 6. d4 exd4 7. O-O Nf6 8.
cxd4 Bb6 9. e5 Ng8 10. Bg5 Nge7 11. d5 h6 12. Bh4 g5 13. Bg3 Nf5 14. dxc6 Nxg3
15. hxg3 bxc6 16. Nd4 Bb7 17. Nf5 d6 18. exd6 Kf8 19. d7 Bc8 20. dxc8=Q Rxc8
21. Nc3 Qf6 22. Qf3 Ba5 23. Ne4 g4 24. Qa3+ 1-0

[Event "XXX Open Anniversario"]
[Site "Provaglio d'Iseo ITA"]
[Date "2013.12.06"]
[Round "5"]
[White "Cristiani, Cesare"]
[Black "Ghidinelli, Giorgio"]
[Result "1-0"]
[WhiteElo "2117"]
[BlackElo "1891"]
[PlyCount "93"]
[EventDate "2013.11.08"]

1. d4 d5 2. c4 c6 3. Nf3 e6 4. g3 Nf6 5. Bg2 Bb4+ 6. Nbd2 Ne4 7. O-O Nxd2 8.
Bxd2 Bxd2 9. Qxd2 O-O 10. Rac1 Nd7 11. Rfd1 Nb6 12. b3 Bd7 13. Qc2 Qe7 14. c5
Nc8 15. e4 f6 16. Re1 Qf7 17. Re3 Ne7 18. Rce1 dxe4 19. Rxe4 Ng6 20. h4 Rfe8
21. Bh3 f5 22. Ng5 Qf6 23. R4e2 h6 24. Nf3 f4 25. Kg2 fxg3 26. fxg3 Rad8 27.
Ne5 Nxe5 28. dxe5 Qe7 29. Rd1 Bc8 30. Rd6 Rxd6 31. cxd6 Qd7 32. Rf2 Rf8 33.
Rxf8+ Kxf8 34. Qf2+ Kg8 35. Qxa7 Kf8 36. Qf2+ Qf7 37. Bg4 Ke8 38. Qxf7+ Kxf7
39. Kf2 Ke8 40. Bh5+ Kd7 41. Ke3 b6 42. Bg6 Ba6 43. Bd3 Bb7 44. b4 Kd8 45. a4
Kc8 46. a5 b5 47. Kd4 1-0